000
00264nam a22001217a 4500
003
SGT
082
_a
617.643
_b
S2000C
100
_a
Canalis, Ernesto
245
_a
Skeletal Growth Factors
260
_b
Lippincott Williams
_c
2000
300
_a
480
942
_2
ddc
_c
RARE
999
_c
33261
_d
33261